Statystyki dla Siedem Kontynentów - Quiz na mapie

Kliknij tutaj aby rozwiązać quiz!

Ogólne statystyki

  • Ten quiz został rozwiązany 27,769 razy
  • Średni wynik to 7 z 7

Odpowiedzi na mapie

Odpowiedzi skodowane kolorowo w zielono-czerwonej skali na mapie do tego quizu, zgodnie z poniższymi procentami.
Ładowanie ...
 

Statystyki odpowiedzi

Answer % Correct
Azja
95%
Ameryka Południowa
95%
Afryka
95%
Antarktyda
95%
Ameryka Północna
94%
Europa
93%
Australia (Oceania)
93%

Rozkład punktacji

Percentyl według liczby udzielonych odpowiedzi

Procent ludzi z każdym wynikiem

Twoja historia wyników

Nie rozwiązałeś tego quizu